[Event "Titled Tuesday intern op 22nd Feb Early"]
[Site "Chess.com INT"]
[Date "2022.02.22"]
[Round "5"]
[White "Markelova, Lilia"]
[Black "Jakubowska, Anna"]
[Result "0-1"]
[WhiteElo "2144"]
[BlackElo "2127"]
[PlyCount "92"]
[EventDate "2022.02.22"]
[EventType "swiss (blitz)"]
[EventRounds "11"]
[EventCountry "USA"]
[SourceTitle "CBM 207 Extra"]
[Source "ChessBase"]
[SourceDate "2022.05.31"]
[SourceVersion "1"]
[SourceVersionDate "2022.05.31"]
[SourceQuality "1"]

1. Nf3 f5 2. d3 Nf6 3. e4 d6 4. Nc3 e5 5. exf5 Bxf5 6. d4 Nc6 7. Bb5 Bd7 8. 0-0 exd4 9. Bxc6 Bxc6 10. Nxd4 Qd7 11. Re1+ Be7 12. Ne6 g6 13. Bg5 Kf7 14. Qe2 h6 15. Bh4 d5 16. Rad1 Rhe8 17. Nd4 Bd6 18. Qf3 Be7 19. Nce2 Qg4 20. Nxc6 bxc6 21. Qxg4 Nxg4 22. Bxe7 Rxe7 23. Nd4 c5 24. Rxe7+ Kxe7 25. Re1+ Kd7 26. Nb3 Kd6 27. f3 Nf6 28. Kf2 Re8 29. Rxe8 Nxe8 30. Ke3 Nf6 31. Nd2 g5 32. Nf1 Ke5 33. Ng3 c6 34. c3 d4+ 35. Kd3 Nd5 36. Ne2 dxc3 37. Nxc3 Nb4+ 38. Ke3 Nd5+ 39. Kd3 Nf4+ 40. Kc4 Nxg2 41. Kxc5 Ne1 42. Kxc6 Nxf3 43. Nb5 g4 44. Nxa7 Nxh2 45. b4 g3 46. Nb5 g2 0-1